000 00384cam a2200169 4500
001 D12498
008 090401t1918 xxu||||| |||| 00| 0 eng d
035 _a(Sirsi) u94170
041 _aeng
100 _aCrace, Frederick
245 2 _aA catalogue of maps, plans and views of London
260 _c1918
350 _a0
520 _aShelf 114
942 _n0
948 _c04/03/1997
999 _c97924
_d97924